Lexique roman ou Dictionnaire de la langue des troubadours (Record no. 163002)

MARC details
000 -LEADER
campo de control de longitud fija 01338nam a22002415i 4500
001 - NÚMERO DE CONTROL
campo de control 163002
003 - IDENTIFICADOR DE NÚMERO DE CONTROL
campo de control ES-MaACL
005 - FECHA Y HORA DE LA ÚLTIMA TRANSACCIÓN
campo de control 20230906212639.0
008 - DATOS DE LONGITUD FIJA--INFORMACIÓN GENERAL
campo de control de longitud fija 991129s1844 fr |||| | fre d
040 ## - FUENTE DE CATALOGACIÓN
Centro catalogador/agencia de origen CCPB | B
Lengua de catalogación spa
Centro/agencia transcriptor CCPB | B
080 ## - NÚMERO DE LA CLASIFICACIÓN DECIMAL UNIVERSAL
Número de la Clasificación Decimal Universal 811.13
100 1# - ENTRADA PRINCIPAL--NOMBRE DE PERSONA
Nombre de persona Raynouard, François Just Marie.
9 (RLIN) 131632
245 10 - MENCIÓN DEL TÍTULO
Título Lexique roman ou Dictionnaire de la langue des troubadours
Resto del título : comparée avec les autres langues de l'europe latina : précédé de nouvelles recherches historiques et philologiques d'un résumé de la grammaire romane d'un nouveau choix des poésies originales des troubadours et d'extraits de poèmes divers /
Mención de responsabilidad, etc. par M. Raynouard.
260 ## - PUBLICACIÓN, DISTRIBUCIÓN, ETC.
Lugar de publicación, distribución, etc. A Paris :
Nombre del editor, distribuidor, etc. chez Silvestre, libraire,
Fecha de publicación, distribución, etc. 1844 (
Fabricante Imp. Simon Raçon et Comp.)
300 ## - DESCRIPCIÓN FÍSICA
Extensión 6 v. ([2], LXXXVIII, 582, [2] ; [4], XCII, 536 ; [4], 611 ; [4], 675 ; [4], 611 ; [4], 555 p.) ;
Dimensiones 23 cm.
505 8# - NOTA DE CONTENIDO CON FORMATO
Nota de contenido con formato Contiene: Tome premier. Recherches, grammaire, poésies -- Tome second. A-C -- Tome troisiéme. D-K -- Tome quatriéme. L-P -- Tome cinquiéme. Q-Z -- Tome sixiéme. Apendice, vocabulaire
597 ## - NOTA DE DESCRIPCIÓN FÍSICA
NOTA DE DESCRIPCIÓN FÍSICA Antep.
650 #4 - PUNTO DE ACCESO ADICIONAL DE MATERIA--TÉRMINO DE MATERIA
Término de materia o nombre geográfico como elemento de entrada Lenguas románicas.
9 (RLIN) 14367
650 #4 - PUNTO DE ACCESO ADICIONAL DE MATERIA--TÉRMINO DE MATERIA
Término de materia o nombre geográfico como elemento de entrada Trovadores-
Subdivisión general Historia-
Subdivisión de forma Textos.
9 (RLIN) 136960
740 0# - ENTRADA AGREGADA--TÍTULO RELACIONADO/ANALÍTICO NO CONTROLADO
Título relacionado o analítico no controlado Dictionnaire de la langue des troubadours.
752 ## - ENTRADA AGREGADA--NOMBRE JERÁRQUICO DEL LUGAR
País o entidad superior Francia -
Ciudad París
852 4# - LOCALIZACIÓN
Ubicación ES-MaACL
Número de control de estantería G-15778-15783
Nota libre -- Enc. hol.
Holdings
Estatus retirado Estado de pérdida Estado de daño No para préstamo Colección Biblioteca de origen Biblioteca actual Ubicación en estantería Fecha de adquisición Fuente de adquisición Total de préstamos Signatura topográfica completa Código de barras Visto por última vez Precio de reemplazo Tipo de ítem Koha
        Libros del s. XIX Biblioteca del Ateneo de Madrid Biblioteca del Ateneo de Madrid Sala Pecera Planta 3 17/01/2008     G-15778-15783 1170783 23/02/2023 23/02/2023 Libro impreso antiguo